[Event "Mercredi 2016.03.30 ABCD"]
[Site "Montreal CAN"]
[Date "2016.04.27"]
[Round "5"]
[White "Dumouchel, Alain"]
[Black "Gates, Claude-Eric"]
[Result "0-1"]
[WhiteElo "1707"]
[BlackElo "1794"]
[PlyCount "92"]
[EventDate "2016.03.30"]
[EventType "tourn"]
[EventRounds "5"]
[EventCountry "CAN"]

1. e4 c5 2. Nf3 g6 3. d4 cxd4 4. Nxd4 Nc6 5. Nc3 Bg7 6. Be3 Nf6 7. Bc4 O-O 8.
h3 Nxe4 9. Nxc6 bxc6 10. Nxe4 d5 11. O-O dxc4 12. Qc1 Rb8 13. Rd1 Qc7 14. Bd4
Be6 15. Bxg7 Kxg7 16. Qe3 Rbd8 17. Nc5 Bd5 18. b4 e6 19. Rd4 Qe7 20. f4 Qf6 21.
c3 Rfe8 22. Re1 h5 23. Qg3 a5 24. bxa5 Ra8 25. f5 exf5 26. Rxe8 Rxe8 27. a6 Qe7
28. Nb7 Ra8 29. Nd6 Qe6 30. Nb7 Kf8 31. a7 Qc8 32. Nd6 Qc7 33. Qe5 Kg8 34. Nxc4
Qxe5 35. Nxe5 Rxa7 36. c4 Be6 37. Nxc6 Rxa2 38. Nd8 Kg7 39. c5 Re2 40. c6 Kf6
41. Rd1 Ke7 42. Kh2 f4 43. Kg1 Bf5 44. Rd4 f3 45. gxf3 Bxh3 46. f4 Bf5 0-1

[Event "Mercredi 2016.03.30 ABCD"]
[Site "Montreal CAN"]
[Date "2016.04.27"]
[Round "5"]
[White "Heredia, Jose"]
[Black "Have, Didier"]
[Result "1-0"]
[WhiteElo "1922"]
[BlackElo "2044"]
[PlyCount "65"]
[EventDate "2016.03.30"]
[EventType "tourn"]
[EventRounds "5"]
[EventCountry "CAN"]

1. d4 d5 2. Nf3 e6 3. e3 c6 4. Bd3 f5 5. Ne5 Nf6 6. O-O Bd6 7. f4 O-O 8. b3 Qe7
9. Bb2 b6 10. Qc1 Bb7 11. Ba3 Nbd7 12. Bxd6 Qxd6 13. Nd2 Rac8 14. c4 c5 15. Qb2
Rc7 16. Ndf3 Rfc8 17. Rac1 Ne4 18. Nxd7 Qxd7 19. Ne5 Qd6 20. Bxe4 dxe4 21. Rfd1
Bc6 22. Rd2 Be8 23. d5 Bh5 24. dxe6 Qxe6 25. Rd5 g5 26. Qd2 gxf4 27. exf4 Qe7
28. Rc3 Kh8 29. Rh3 Bf7 30. Nxf7+ Qxf7 31. Rd8+ Rxd8 32. Qxd8+ Kg7 33. Rg3+ 1-0

[Event "Mercredi 2016.03.30 ABCD"]
[Site "Montreal CAN"]
[Date "2016.04.27"]
[Round "5"]
[White "Johnson-Constantin, Matthieu"]
[Black "Brassard, Sylvain"]
[Result "1/2-1/2"]
[WhiteElo "1848"]
[BlackElo "1809"]
[PlyCount "87"]
[EventDate "2016.03.30"]
[EventType "tourn"]
[EventRounds "5"]
[EventCountry "CAN"]

1. d4 d5 2. c4 Nc6 3. Nf3 Bg4 4. cxd5 Qxd5 5. Nc3 Qa5 6. e3 e6 7. Be2 Bb4 8.
Bd2 Nge7 9. a3 Bxc3 10. bxc3 Qd5 11. c4 Qd7 12. Bc3 O-O 13. O-O f6 14. Qc2 Bh5
15. Rfd1 Qe8 16. Qb2 b6 17. Rac1 Nd8 18. e4 Nf7 19. d5 e5 20. c5 Bxf3 21. Bxf3
Ng5 22. d6 Nxf3+ 23. gxf3 cxd6 24. cxd6 Ng6 25. Qb3+ Qf7 26. Qxf7+ Kxf7 27. a4
Ke6 28. Bb4 Rfd8 29. d7 Ne7 30. Rc7 a5 31. Ba3 Rab8 32. Rd6+ Kf7 33. Kf1 Ng6
34. Rdc6 Ne7 35. Rc2 Ke6 36. Rd2 Kf7 37. Ra7 Nc6 38. Rc7 Nd4 39. Rd3 Ke6 40.
Bb2 Rxd7 41. Rxd7 Kxd7 42. Bxd4 exd4 43. Rxd4+ Kc6 44. Ke2 1/2-1/2

[Event "Mercredi 2016.03.30 ABCD"]
[Site "Montreal CAN"]
[Date "2016.04.27"]
[Round "5"]
[White "Lebeau, Gilbert"]
[Black "Lopez Linares, Lizandro"]
[Result "1/2-1/2"]
[WhiteElo "2061"]
[BlackElo "2214"]
[PlyCount "95"]
[EventDate "2016.03.30"]
[EventType "tourn"]
[EventRounds "5"]
[EventCountry "CAN"]

1. d4 d5 2. c4 c6 3. cxd5 cxd5 4. Nf3 Nf6 5. Nc3 Nc6 6. Bf4 Bf5 7. e3 Rc8 8.
Qb3 Na5 9. Bb5+ Bd7 10. Qa4 Rc4 11. Qd1 Bxb5 12. Nxb5 a6 13. Nc3 b5 14. O-O e6
15. Ne5 Rc8 16. Nd3 Be7 17. Rc1 O-O 18. b4 Nc4 19. Nc5 Qb6 20. Rb1 Rfd8 21. a4
Qc6 22. axb5 axb5 23. Ra1 Ra8 24. Qc2 Bxc5 25. dxc5 e5 26. Bg5 d4 27. exd4 Rxa1
28. Rxa1 exd4 29. Rd1 Re8 30. Bxf6 gxf6 31. Ne2 Qd5 32. Kf1 Re4 33. Nc3 Ne3+
34. fxe3 Qc4+ 35. Qd3 dxc3 36. Qxc4 Rxc4 37. Rc1 Kf8 38. Ke2 Rxb4 39. Rxc3 Rb2+
40. Kd3 Ke8 41. Rc2 Rb3+ 42. Kd4 Kd7 43. c6+ Kc7 44. e4 Rb1 45. Kc5 b4 46. Kb5
b3 47. Rd2 Rc1 48. Rb2 1/2-1/2

[Event "Mercredi 2016.03.30 ABCD"]
[Site "Montreal CAN"]
[Date "2016.04.27"]
[Round "5"]
[White "Lessard, Sylvain"]
[Black "Millette, Sylvain"]
[Result "1/2-1/2"]
[WhiteElo "1750"]
[BlackElo "1711"]
[PlyCount "114"]
[EventDate "2016.03.30"]
[EventType "tourn"]
[EventRounds "5"]
[EventCountry "CAN"]

1. c4 Nf6 2. Nc3 d5 3. cxd5 Nxd5 4. g3 b6 5. Bg2 Bb7 6. Qa4+ Bc6 7. Qc4 e6 8.
Nf3 Nxc3 9. Qxc3 Qf6 10. d4 a5 11. a3 h6 12. O-O Be7 13. Bf4 Bd6 14. Be5 Bxe5
15. Nxe5 Bxg2 16. Kxg2 Qe7 17. Rac1 Ra7 18. Rc2 O-O 19. Rfc1 Rc8 20. Qf3 f6 21.
Ng6 Qf7 22. Qd3 Nd7 23. h4 c5 24. h5 Rac7 25. e3 Nf8 26. b4 cxb4 27. axb4 Rxc2
28. Rxc2 Rxc2 29. Qxc2 Qb7+ 30. Kg1 Nxg6 31. hxg6 axb4 32. Qc4 Qd7 33. Qxb4 Qe8
34. Qxb6 Qxg6 35. Qxe6+ Kf8 36. d5 h5 37. Kg2 h4 38. Qc8+ Ke7 39. Qe6+ Kf8 40.
d6 Qe8 41. Qd5 hxg3 42. d7 Qd8 43. Qd6+ Kf7 44. Kxg3 g6 45. f4 f5 46. Kf3 Qa8+
47. Kg3 Qd8 48. Qd5+ Ke7 49. Qe5+ Kxd7 50. Qd5+ Ke7 51. Qxd8+ Kxd8 52. Kh4 Ke8
53. Kg5 Kf7 54. Kh6 Kf6 55. Kh7 g5 56. fxg5+ Kxg5 57. Kg7 f4 1/2-1/2

[Event "Mercredi 2016.03.30 ABCD"]
[Site "Montreal CAN"]
[Date "2016.04.27"]
[Round "5"]
[White "Morin, Louis"]
[Black "Jacquet, Stephane"]
[Result "0-1"]
[WhiteElo "1932"]
[BlackElo "2017"]
[PlyCount "100"]
[EventDate "2016.03.30"]
[EventType "tourn"]
[EventRounds "5"]
[EventCountry "CAN"]

1. e4 d6 2. d4 Nf6 3. Nc3 g6 4. Nf3 Bg7 5. Bc4 O-O 6. O-O c6 7. a4 d5 8. exd5
cxd5 9. Be2 Nc6 10. h3 Bf5 11. Be3 Rc8 12. Qd2 Qd7 13. Ne5 Nxe5 14. dxe5 Ne4
15. Nxe4 Bxe4 16. c3 Bxe5 17. Bxa7 Ra8 18. Bd4 Bb8 19. Bb5 Qd6 20. f4 g5 21.
Be5 Qb6+ 22. Kh2 Bxe5 23. fxe5 Qe6 24. Qxg5+ Kh8 25. Rf2 Rg8 26. Qf4 Rg6 27.
Be2 Rag8 28. Rg1 f6 29. exf6 Rxf6 30. Qe3 Qe5+ 31. g3 Rfg6 32. Qd4 Qxd4 33.
cxd4 Rb6 34. Bb5 h5 35. h4 Rc8 36. Rgf1 Kg7 37. Rd1 Rf6 38. Rdf1 Rxf2+ 39. Rxf2
Rc1 40. Bf1 Rd1 41. Bg2 Rxd4 42. Bxe4 Rxe4 43. Rf5 e5 44. Rxh5 d4 45. Rg5+ Kh6
46. g4 d3 47. Rh5+ Kg6 48. Rg5+ Kf6 49. Rf5+ Ke6 50. Rf3 d2 0-1

[Event "Mercredi 2016.03.30 ABCD"]
[Site "Montreal CAN"]
[Date "2016.04.27"]
[Round "5"]
[White "Nardone, Raul"]
[Black "Zumsteg, Nicolas"]
[Result "0-1"]
[WhiteElo "1811"]
[BlackElo "1878"]
[PlyCount "84"]
[EventDate "2016.03.30"]
[EventType "tourn"]
[EventRounds "5"]
[EventCountry "CAN"]

1. e4 e5 2. Nf3 Nf6 3. Nxe5 d6 4. Nf3 Nxe4 5. d4 d5 6. Bd3 Bd6 7. c4 Bb4+ 8.
Bd2 Bxd2+ 9. Nbxd2 Nxd2 10. Qxd2 Qe7+ 11. Be2 dxc4 12. O-O O-O 13. Bxc4 Nc6 14.
a3 Bg4 15. Rfe1 Qd6 16. Be2 Bxf3 17. Bxf3 Nxd4 18. Qc3 Nxf3+ 19. Qxf3 Qb6 20.
h3 Rad8 21. Qc3 h6 22. Re3 c6 23. Rae1 Rd7 24. Rg3 Qd4 25. Qxd4 Rxd4 26. Re7 b5
27. Rxa7 Rd1+ 28. Kh2 Rd2 29. b4 Rxf2 30. Rc3 Rc8 31. Ra5 Rd8 32. Rxc6 Rdd2 33.
Ra8+ Kh7 34. Re8 Rxg2+ 35. Kh1 Rg3 36. Ra6 Rxh3+ 37. Kg1 Ra2 38. Re1 Raxa3 39.
Rb6 Rh5 40. Re7 Rf5 41. Rbb7 Rg3+ 42. Kh2 Rg4 0-1

[Event "Mercredi 2016.03.30 ABCD"]
[Site "Montreal CAN"]
[Date "2016.04.27"]
[Round "5"]
[White "Tremblay, Alain"]
[Black "Cloutier, Mathieu"]
[Result "1-0"]
[WhiteElo "2184"]
[BlackElo "2111"]
[PlyCount "83"]
[EventDate "2016.03.30"]
[EventType "tourn"]
[EventRounds "5"]
[EventCountry "CAN"]

1. d4 Nf6 2. Nf3 c5 3. c3 b6 4. Bf4 Bb7 5. e3 g6 6. h3 Bg7 7. Nbd2 O-O 8. Bd3
d5 9. O-O c4 10. Bc2 Nbd7 11. Re1 Re8 12. e4 dxe4 13. Nxe4 Nd5 14. Bg3 h6 15.
Ne5 Nxe5 16. dxe5 e6 17. Nd6 Re7 18. Nxc4 Ba6 19. Nd6 b5 20. Qg4 Qb6 21. a3 Rd8
22. h4 h5 23. Qf3 Red7 24. Be4 Nc7 25. Rad1 Ne8 26. Bc6 Nxd6 27. Bxd7 Bb7 28.
Qe3 Qxe3 29. fxe3 Nf5 30. Bf4 Rb8 31. g3 Be4 32. Kf2 Nh6 33. Bxh6 Bxh6 34. Rd4
Bd5 35. e4 Bb3 36. Bc6 Bg7 37. Rd7 Rb6 38. Rd8+ Kh7 39. Be8 Bxe5 40. Rd7 Rd6
41. Rxd6 Bxd6 42. Bxb5 1-0

[Event "Mercredi 2016.05.11 ABCD"]
[Site "Montreal CAN"]
[Date "2016.05.11"]
[Round "1"]
[White "Baran, Marius"]
[Black "Robidoux, Julien"]
[Result "1/2-1/2"]
[WhiteElo "1775"]
[BlackElo "1729"]
[PlyCount "141"]
[EventDate "2016.05.11"]
[EventType "tourn"]
[EventRounds "5"]
[EventCountry "CAN"]

1. e4 e6 2. d3 d5 3. Nd2 Nf6 4. Ngf3 Be7 5. g3 O-O 6. Bg2 c5 7. O-O Nc6 8. e5
Nd7 9. Re1 Qc7 10. Qe2 b5 11. Nf1 a5 12. h4 Ba6 13. Bf4 b4 14. N1h2 c4 15. Ng5
Bxg5 16. hxg5 Nd4 17. Qd1 cxd3 18. cxd3 Qc2 19. Be3 Qxd1 20. Raxd1 Nc2 21. Re2
Nxe3 22. Rxe3 Rac8 23. Nf3 Rc2 24. Rb1 Rfc8 25. Bf1 Kf8 26. d4 Bxf1 27. Kxf1
Nb6 28. Ne1 Rc1 29. Rxc1 Rxc1 30. Rd3 Na4 31. Rd2 Rb1 32. Rc2 Nxb2 33. Ke2 Nc4
34. Nd3 Ke7 35. f4 Rg1 36. Kf2 Rd1 37. Ke2 Rh1 38. Kf3 Kd7 39. Nb2 Nxb2 40.
Rxb2 h6 41. gxh6 Rxh6 42. a3 bxa3 43. Ra2 Rh8 44. Rxa3 Ra8 45. g4 g6 46. Ke2
Kc6 47. Kd3 a4 48. Kc2 Kb5 49. Rc3 Ra7 50. Kb2 a3+ 51. Ka2 Kb4 52. Rc6 Kb5 53.
Rc5+ Kb6 54. f5 gxf5 55. gxf5 Ra4 56. fxe6 fxe6 57. Rc8 Rxd4 58. Re8 Ra4 59.
Rxe6+ Kc5 60. Re8 Ra6 61. Rc8+ Rc6 62. Rxc6+ Kxc6 63. Kxa3 Kd7 64. Kb4 Ke6 65.
Kc3 Kxe5 66. Kd3 d4 67. Kd2 Ke4 68. Ke2 d3+ 69. Kd2 Kd4 70. Kd1 Kc3 71. Kc1
1/2-1/2

[Event "Mercredi 2016.05.11 ABCD"]
[Site "Montreal CAN"]
[Date "2016.05.11"]
[Round "1"]
[White "Barko, Maxim"]
[Black "Zumsteg, Nicolas"]
[Result "1-0"]
[WhiteElo "1888"]
[BlackElo "1864"]
[PlyCount "71"]
[EventDate "2016.05.11"]
[EventType "tourn"]
[EventRounds "5"]
[EventCountry "CAN"]

1. d4 Nf6 2. c4 g6 3. Nc3 Bg7 4. e4 d6 5. f3 O-O 6. Nge2 c5 7. d5 e6 8. Bg5 Qb6
9. Qd2 Nbd7 10. Ng3 exd5 11. exd5 Re8+ 12. Be2 Kh8 13. O-O Ng8 14. Rab1 f5 15.
Rfe1 Ndf6 16. Bd3 Bd7 17. Nge2 Nh5 18. Be3 a6 19. b4 Bh6 20. Bxh6 cxb4+ 21. Kh1
Nxh6 22. Qxh6 Qe3 23. Qxe3 Rxe3 24. Rxb4 Rae8 25. Rd1 Nf4 26. Nxf4 Re1+ 27. Bf1
Rxd1 28. Nxd1 Re1 29. Kg1 Rxd1 30. Rxb7 Ba4 31. Ne6 h6 32. Nf4 g5 33. Ng6+ Kg8
34. Ne7+ Kf8 35. Nxf5 Ra1 36. Rb2 1-0

[Event "Mercredi 2016.05.11 ABCD"]
[Site "Montreal CAN"]
[Date "2016.05.11"]
[Round "1"]
[White "Brassard, Sylvain"]
[Black "Beaulieu, Pierre"]
[Result "0-1"]
[WhiteElo "1898"]
[BlackElo "1820"]
[PlyCount "78"]
[EventDate "2016.05.11"]
[EventType "tourn"]
[EventRounds "5"]
[EventCountry "CAN"]

1. d4 Nf6 2. Bg5 Ne4 3. Bf4 g6 4. f3 Nf6 5. e4 Bg7 6. Nc3 d6 7. Qd2 h6 8. O-O-O
Nh5 9. Be3 Nc6 10. g4 Nf6 11. Bg2 e5 12. dxe5 dxe5 13. Qf2 Bd7 14. g5 hxg5 15.
Bxg5 Ng4 16. Qd2 Qxg5 17. Qxg5 Bh6 18. Qxh6 Nxh6 19. Nd5 O-O-O 20. Nf6 Be6 21.
Rxd8+ Rxd8 22. Bh3 Nd4 23. Bxe6+ Nxe6 24. h4 Nf4 25. h5 Ng8 26. Nxg8 Rxg8 27.
h6 Rh8 28. Rh4 Kd7 29. Kd2 Nh5 30. Ne2 Rxh6 31. f4 exf4 32. Nxf4 Rh7 33. Nd5 c6
34. Ne3 Ke6 35. Nc4 Rh8 36. Ke3 Rd8 37. e5 Ng3 38. Rg4 Nf5+ 39. Kf2 b5 0-1

[Event "Mercredi 2016.05.11 ABCD"]
[Site "Montreal CAN"]
[Date "2016.05.11"]
[Round "1"]
[White "Gauthier, Luc"]
[Black "Lamoureux, Yvon"]
[Result "1/2-1/2"]
[WhiteElo "1762"]
[BlackElo "1742"]
[PlyCount "66"]
[EventDate "2016.05.11"]
[EventType "tourn"]
[EventRounds "5"]
[EventCountry "CAN"]

1. e4 c5 2. Nc3 Nc6 3. g3 g6 4. Bg2 Bg7 5. d3 e6 6. f4 Nge7 7. Nf3 O-O 8. O-O
d6 9. Be3 Nd4 10. e5 dxe5 11. fxe5 Nxf3+ 12. Qxf3 Bxe5 13. Bxc5 Bd4+ 14. Bxd4
Qxd4+ 15. Qf2 Qxf2+ 16. Rxf2 f5 17. Re1 Rb8 18. Nb5 Bd7 19. Nd4 Rf6 20. Rfe2
Kf7 21. Nf3 h6 22. Ne5+ Ke8 23. d4 Kd8 24. c4 Nc6 25. Bxc6 bxc6 26. b3 Kc7 27.
c5 g5 28. Rf2 Rbf8 29. Ref1 Bc8 30. Ng4 Rg6 31. Ne5 Rgf6 32. Ng4 Rg6 33. Ne5
Rgf6 1/2-1/2

[Event "Mercredi 2016.05.11 ABCD"]
[Site "Montreal CAN"]
[Date "2016.05.11"]
[Round "1"]
[White "Gulko, Andrei"]
[Black "Cloutier, Mathieu"]
[Result "1-0"]
[WhiteElo "2139"]
[BlackElo "2074"]
[PlyCount "65"]
[EventDate "2016.05.11"]
[EventType "tourn"]
[EventRounds "5"]
[EventCountry "CAN"]

1. d4 Nf6 2. Bg5 c5 3. d5 Qb6 4. Nc3 Qxb2 5. Bd2 Qb6 6. e4 d6 7. f4 Bg4 8. Qc1
Qd8 9. Rb1 b6 10. h3 Bc8 11. Nf3 Ba6 12. Bxa6 Nxa6 13. O-O g6 14. Qe1 Bg7 15.
Nb5 O-O 16. c4 Nc7 17. e5 Nfe8 18. a4 Nxb5 19. axb5 Nc7 20. f5 gxf5 21. Qg3 Kh8
22. Qh4 dxe5 23. Ng5 h6 24. Rxf5 Kg8 25. Ne4 f6 26. Bxh6 Rf7 27. Rh5 Qf8 28.
Rb3 f5 29. Rg3 fxe4 30. Bxg7 Rf1+ 31. Kh2 Qf2 32. Bxe5+ Kf7 33. Rg7+ 1-0

[Event "Mercredi 2016.05.11 ABCD"]
[Site "Montreal CAN"]
[Date "2016.05.11"]
[Round "1"]
[White "Have, Didier"]
[Black "Nunez, Omar"]
[Result "1/2-1/2"]
[WhiteElo "1990"]
[BlackElo "1972"]
[PlyCount "79"]
[EventDate "2016.05.11"]
[EventType "tourn"]
[EventRounds "5"]
[EventCountry "CAN"]

1. e4 g6 2. d4 Bg7 3. Nc3 d6 4. Be3 Nf6 5. Qd2 O-O 6. Bh6 c5 7. Bxg7 Kxg7 8. d5
Qa5 9. Nf3 a6 10. Bd3 b5 11. O-O c4 12. Be2 b4 13. Nd1 Qc5 14. Qf4 Bg4 15. Ne3
Bxf3 16. gxf3 c3 17. b3 Nbd7 18. Kh1 a5 19. Rg1 Kh8 20. Qh6 Rg8 21. Rg3 a4 22.
Rag1 axb3 23. axb3 Rae8 24. Rh3 e6 25. dxe6 fxe6 26. Rg5 Qd4 27. Bb5 Re7 28.
Bxd7 Rxd7 29. Rhg3 Rdg7 30. Qh3 Nh5 31. Rg1 Nf4 32. Qg4 Rf8 33. Ra5 Qd2 34. Qh4
Qe2 35. Qg3 Qd2 36. Rd1 Qe2 37. Raa1 Nh5 38. Qg2 Nf4 39. Qg3 Nh5 40. Qg2
1/2-1/2

[Event "Mercredi 2016.05.11 ABCD"]
[Site "Montreal CAN"]
[Date "2016.05.11"]
[Round "1"]
[White "Jacquet, Stephane"]
[Black "Heredia, Jose"]
[Result "1-0"]
[WhiteElo "2036"]
[BlackElo "1948"]
[PlyCount "111"]
[EventDate "2016.05.11"]
[EventType "tourn"]
[EventRounds "5"]
[EventCountry "CAN"]

1. d4 d5 2. c4 c6 3. Nc3 Nf6 4. Nf3 e6 5. cxd5 cxd5 6. Bg5 Be7 7. e3 O-O 8. Bd3
Nbd7 9. Qc2 Re8 10. O-O Nf8 11. Ne5 a6 12. a4 N6d7 13. Bxe7 Qxe7 14. f4 f5 15.
Rf3 Nf6 16. a5 Bd7 17. Qb3 Rec8 18. Qb6 Bc6 19. h3 N8d7 20. Qb3 Nxe5 21. fxe5
Ne4 22. Bxe4 fxe4 23. Rf4 Rf8 24. Raf1 Rxf4 25. Rxf4 Rf8 26. Rxf8+ Kxf8 27. Ne2
h5 28. Nf4 Be8 29. Qb6 Bf7 30. b4 g5 31. Ne2 Qd7 32. Nc3 Be8 33. Qc5+ Kg7 34.
Kh2 h4 35. Nd1 Qf7 36. Kg1 Qd7 37. Nf2 Bf7 38. Ng4 Qa4 39. Qe7 Qd1+ 40. Kh2 Qe1
41. Qxg5+ Kf8 42. Qf4 Qxb4 43. Nh6 Qe7 44. g4 hxg3+ 45. Kxg3 Ke8 46. Qxf7+ Qxf7
47. Nxf7 Kxf7 48. Kg4 Kg6 49. h4 Kh6 50. h5 Kh7 51. Kg5 Kg7 52. h6+ Kh7 53. Kh5
Kh8 54. Kg6 Kg8 55. h7+ Kh8 56. Kh6 1-0

[Event "Mercredi 2016.05.11 ABCD"]
[Site "Montreal CAN"]
[Date "2016.05.11"]
[Round "1"]
[White "Langlois-Remillard, Alexis"]
[Black "Gates, Claude-Eric"]
[Result "0-1"]
[WhiteElo "1919"]
[BlackElo "1806"]
[PlyCount "70"]
[EventDate "2016.05.11"]
[EventType "tourn"]
[EventRounds "5"]
[EventCountry "CAN"]

1. b3 d5 2. Bb2 Nc6 3. e3 Nf6 4. Bb5 a6 5. Bxc6+ bxc6 6. Nf3 Bg4 7. O-O e6 8.
Nc3 Be7 9. Ne2 Bxf3 10. gxf3 Nd7 11. Nd4 Nb8 12. f4 Bf6 13. c3 c5 14. Nf3 Nd7
15. d4 cxd4 16. cxd4 O-O 17. Rc1 Be7 18. Rc6 Bd6 19. Qc1 Qe7 20. Kh1 f6 21. Rg1
e5 22. dxe5 fxe5 23. Nxe5 Nxe5 24. fxe5 Rxf2 25. Rc2 Raf8 26. Rxf2 Rxf2 27. Rg2
Rxg2 28. Kxg2 Bxe5 29. Bxe5 Qxe5 30. Qc6 Qe4+ 31. Kf2 Qh4+ 32. Kg2 Qg4+ 33. Kf2
Qf5+ 34. Ke2 Qh5+ 35. Kd3 Qd1+ 0-1

[Event "Mercredi 2016.05.11 ABCD"]
[Site "Montreal CAN"]
[Date "2016.05.11"]
[Round "1"]
[White "Lebeau, Gilbert"]
[Black "Rondon, Luciano"]
[Result "1-0"]
[WhiteElo "2053"]
[BlackElo "1935"]
[PlyCount "87"]
[EventDate "2016.05.11"]
[EventType "tourn"]
[EventRounds "5"]
[EventCountry "CAN"]

1. d4 Nf6 2. c4 g6 3. Nc3 Bg7 4. e4 d6 5. Nf3 O-O 6. Be2 e5 7. d5 h6 8. O-O
Nbd7 9. Ne1 Nc5 10. Qc2 a5 11. Rb1 Nfxe4 12. Nxe4 Nxe4 13. Be3 f5 14. f3 Nf6
15. Rd1 Nh5 16. c5 Nf4 17. Bc4 Qf6 18. a3 g5 19. b4 axb4 20. axb4 Ng6 21. Nd3
f4 22. Bc1 Bf5 23. Bb2 g4 24. Qe2 Qh4 25. Nf2 g3 26. Nh3 gxh2+ 27. Kh1 Bxh3 28.
gxh3 Qxh3 29. Bd3 Nh4 30. Rf2 Ra2 31. Bb1 Nf5 32. Bxf5 Qxf5 33. Rxh2 Re8 34.
Qg2 Re7 35. Rg1 Kh7 36. Rh4 Qf7 37. Qh2 Qxd5 38. Rxg7+ Rxg7 39. Rxh6+ Kg8 40.
Rh8+ Kf7 41. Qh5+ Ke7 42. Qe8+ Kf6 43. Rh6+ Kf5 44. Qh5+ 1-0

[Event "Mercredi 2016.05.11 ABCD"]
[Site "Montreal CAN"]
[Date "2016.05.11"]
[Round "1"]
[White "Nardone, Raul"]
[Black "Dumouchel, Alain"]
[Result "1-0"]
[WhiteElo "1793"]
[BlackElo "1727"]
[PlyCount "83"]
[EventDate "2016.05.11"]
[EventType "tourn"]
[EventRounds "5"]
[EventCountry "CAN"]

1. d4 Nf6 2. Nf3 g6 3. Bg5 Ne4 4. Bh4 c5 5. e3 Bg7 6. Bd3 d5 7. O-O O-O 8. h3
Nc6 9. c3 a5 10. Nbd2 Nxd2 11. Qxd2 c4 12. Bc2 b5 13. e4 Bb7 14. e5 Qd7 15.
Rae1 Nd8 16. Nh2 Ra6 17. f4 f6 18. Ng4 f5 19. Ne3 Ne6 20. g4 fxg4 21. f5 gxf5
22. Nxf5 Rf7 23. hxg4 Bf8 24. Re2 Nd8 25. Rg2 Rg6 26. g5 Bc8 27. Qd1 Kh8 28.
Ne3 Rxf1+ 29. Qxf1 Rg8 30. Nf5 Qe8 31. Qf3 Be6 32. Ne3 Qd7 33. Qh5 Rg7 34. Rf2
Kg8 35. Kh2 Bf7 36. Qf3 e6 37. Qf4 Be7 38. Ng4 Bh5 39. Nh6+ Kh8 40. Qf8+ Bxf8
41. Rxf8+ Rg8 42. Rxg8# 1-0

[Event "Mercredi 2016.05.11 ABCD"]
[Site "Montreal CAN"]
[Date "2016.05.11"]
[Round "1"]
[White "Tremblay, Alain"]
[Black "Lopez Linares, Lizandro"]
[Result "1-0"]
[WhiteElo "2237"]
[BlackElo "2214"]
[PlyCount "47"]
[EventDate "2016.05.11"]
[EventType "tourn"]
[EventRounds "5"]
[EventCountry "CAN"]

1. c4 c6 2. Nf3 d5 3. d4 Nf6 4. Qc2 dxc4 5. Qxc4 Bf5 6. g3 e6 7. Bg2 h6 8. O-O
Nbd7 9. e3 Be7 10. Nc3 O-O 11. Rd1 a5 12. Qe2 a4 13. e4 Bh7 14. Bf4 a3 15. d5
exd5 16. exd5 Qa5 17. dxc6 bxc6 18. Nd4 axb2 19. Qxb2 Ba3 20. Qd2 Bb4 21. Rac1
Ne4 22. Nxc6 Qa3 23. Bxe4 Bxe4 24. Nxb4 1-0

[Event "Mercredi 2016.05.11 ABCD"]
[Site "Montreal CAN"]
[Date "2016.05.18"]
[Round "2"]
[White "Beaulieu, Pierre"]
[Black "Barko, Maxim"]
[Result "1-0"]
[WhiteElo "1820"]
[BlackElo "1888"]
[PlyCount "71"]
[EventDate "2016.05.11"]
[EventType "tourn"]
[EventRounds "5"]
[EventCountry "CAN"]

1. e4 e6 2. d4 d5 3. Nd2 c5 4. Ngf3 Nf6 5. e5 Nfd7 6. c3 Nc6 7. Bb5 Qb6 8. Bxc6
bxc6 9. O-O cxd4 10. cxd4 f6 11. exf6 Nxf6 12. Qa4 Bd6 13. Re1 O-O 14. Nf1 Bd7
15. Ne5 Bxe5 16. Rxe5 c5 17. dxc5 Qxc5 18. Qh4 Ng4 19. Re2 Qc4 20. Ng3 Rac8 21.
h3 Nf6 22. Qxc4 Rxc4 23. b3 Rc7 24. Bf4 Rc6 25. Be3 a5 26. Bd4 Rfc8 27. Kh2 Kf7
28. Rd1 Rc2 29. Rdd2 Rc1 30. Bb6 a4 31. bxa4 Bxa4 32. Rb2 Rd1 33. Ba5 Rc6 34.
Rb4 Rc5 35. Reb2 d4 36. Rxa4 1-0

[Event "Mercredi 2016.05.11 ABCD"]
[Site "Montreal CAN"]
[Date "2016.05.18"]
[Round "2"]
[White "Boudreau, Daniel"]
[Black "Lopez Linares, Lizandro"]
[Result "1-0"]
[WhiteElo "2130"]
[BlackElo "2214"]
[PlyCount "95"]
[EventDate "2016.05.11"]
[EventType "tourn"]
[EventRounds "5"]
[EventCountry "CAN"]

1. e4 e6 2. d4 d5 3. Nd2 Nf6 4. Bd3 c5 5. c3 Nc6 6. Ngf3 cxd4 7. cxd4 dxe4 8.
Nxe4 Be7 9. O-O O-O 10. Nc3 b6 11. a3 Bb7 12. Re1 Rc8 13. Bc2 h6 14. Qd3 Qc7
15. Ne4 Rfd8 16. Nxf6+ Bxf6 17. Qh7+ Kf8 18. d5 Rxd5 19. Bb3 Rh5 20. Bd2 a5 21.
Rac1 Rc5 22. Bc3 e5 23. Rcd1 Rxc3 24. bxc3 Ne7 25. Re3 Qc5 26. a4 Bc6 27. Bc2
Bxf3 28. Rxf3 Ng8 29. Qe4 Rc7 30. Rfd3 g6 31. h4 h5 32. g3 Ne7 33. Rb1 Rc6 34.
Rb5 Qa3 35. Bb3 Qa1+ 36. Kg2 Kg7 37. Qf3 Qc1 38. c4 Qa1 39. Qe3 Qb1 40. Rd7 Nf5
41. Qf3 e4 42. Qd1 Qb2 43. Bc2 Qa2 44. Qd5 Be7 45. Qxc6 Qxc2 46. Rxf5 gxf5 47.
Rxe7 Qb3 48. Qd5 1-0

[Event "Mercredi 2016.05.11 ABCD"]
[Site "Montreal CAN"]
[Date "2016.05.18"]
[Round "2"]
[White "Cloutier, Mathieu"]
[Black "Tremblay, Alain"]
[Result "1/2-1/2"]
[WhiteElo "2074"]
[BlackElo "2237"]
[PlyCount "88"]
[EventDate "2016.05.11"]
[EventType "tourn"]
[EventRounds "5"]
[EventCountry "CAN"]

1. e4 e5 2. Nf3 Nc6 3. Bb5 Nge7 4. O-O g6 5. c3 a6 6. Bc4 Bg7 7. d4 exd4 8.
cxd4 b5 9. Bb3 Na5 10. Bc2 O-O 11. a4 Bb7 12. Nc3 b4 13. Ne2 d6 14. Bg5 h6 15.
Bf4 f5 16. Nd2 g5 17. Nb3 Nxb3 18. Bxb3+ Kh7 19. Bd2 Bxe4 20. Bxb4 Rb8 21. Bc3
Qd7 22. Ng3 Bd5 23. Bc2 Kh8 24. Nh5 Ng6 25. Nxg7 Kxg7 26. f3 Nf4 27. Qd2 Kg8
28. Rfe1 Rfe8 29. Rxe8+ Rxe8 30. Re1 Rxe1+ 31. Qxe1 Bc4 32. b3 Bd3 33. Bxd3
Nxd3 34. Qe2 Nf4 35. Qxa6 Qe6 36. Kf2 Qxb3 37. Qc8+ Kg7 38. Qxc7+ Kg6 39. Qxd6+
Kh5 40. g4+ fxg4 41. fxg4+ Kxg4 42. Qd7+ Kh5 43. Qe8+ Kg4 44. Qc8+ Kh5 1/2-1/2

[Event "Mercredi 2016.05.11 ABCD"]
[Site "Montreal CAN"]
[Date "2016.05.18"]
[Round "2"]
[White "Dumouchel, Alain"]
[Black "Lamoureux, Yvon"]
[Result "1-0"]
[WhiteElo "1727"]
[BlackElo "1742"]
[PlyCount "63"]
[EventDate "2016.05.11"]
[EventType "tourn"]
[EventRounds "5"]
[EventCountry "CAN"]

1. e4 c5 2. Nf3 d6 3. c3 Nf6 4. Be2 Nc6 5. d4 Bg4 6. O-O Bxf3 7. Bxf3 e5 8.
dxc5 dxc5 9. Qe2 h6 10. Na3 a6 11. Nc4 Be7 12. Ne3 Qc7 13. Nd5 Nxd5 14. exd5
Na7 15. Re1 Bd6 16. Be4 g6 17. f4 O-O-O 18. f5 g5 19. Be3 g4 20. a4 Kd7 21. b4
Nc8 22. Rac1 Ne7 23. Kh1 Rb8 24. Qxg4 Rh7 25. Qd1 Rhh8 26. Qh5 b5 27. axb5 axb5
28. bxc5 Bxc5 29. Qd1 Rb6 30. d6 Qxd6 31. Bxc5 Qxd1 32. Rexd1+ 1-0

[Event "Mercredi 2016.05.11 ABCD"]
[Site "Montreal CAN"]
[Date "2016.05.18"]
[Round "2"]
[White "Gates, Claude-Eric"]
[Black "Zumsteg, Nicolas"]
[Result "0-1"]
[WhiteElo "1806"]
[BlackElo "1864"]
[PlyCount "48"]
[EventDate "2016.05.11"]
[EventType "tourn"]
[EventRounds "5"]
[EventCountry "CAN"]

1. e4 c5 2. d4 cxd4 3. c3 d5 4. exd5 Nf6 5. Qa4+ Nbd7 6. Nf3 Nxd5 7. Nxd4 e5 8.
Nf3 Bd6 9. Bc4 N5b6 10. Bxf7+ Kxf7 11. Qb3+ Ke8 12. Ng5 Qf6 13. O-O Nc5 14. Qd1
h6 15. Nf3 Bg4 16. Nbd2 Bxf3 17. Nxf3 Kd7 18. Be3 Kc7 19. a4 Rad8 20. Qc2 Nd5
21. Bc1 Nf4 22. b4 Nce6 23. Qe4 Ng5 24. Be3 Nxe4 0-1